[Event "26th OCF NAO Fide Open"]
[Site "Stillwater USA"]
[Date "2007.09.03"]
[Round "10"]
[White "Ortiz,Na"]
[Black "Brownscombe,T"]
[Result "1-0"]
[WhiteElo "2281"]
[BlackElo "2199"]

1.e4 c5 2.Nc3 Nc6 3.Bb5 d6 4.Bxc6+ bxc6 5.d3 g6 6.Be3 Bg7 7.Nge2 Rb8 8.Rb1 Nf6
9.h3 O-O 10.O-O e5 11.Qd2 Re8 12.Bh6 d5 13.Bxg7 Kxg7 14.Ng3 c4 15.dxc4 Ba6
16.cxd5 Bxf1 17.Nxf1 cxd5 18.exd5 Rb4 19.Ne3 Qb6 20.b3 Rd4 21.Qe1 Qa5 22.a4 a6
23.Kf1 Qc7 24.Rd1 Qc5 25.Ne2 Nxd5 26.Nf5+ gxf5 27.Nxd4 Kf6 28.c4 Nf4 29.Ne2 Ne6
30.Qc3 Rd8 31.Rxd8 Nxd8 32.f4 Nc6 33.fxe5+ Nxe5 34.Nf4 Qd6 35.c5 Qd1+ 36.Kf2 Qd7
37.Ke2 Qc6 38.Qd4 Qe4+ 39.Qxe4 fxe4 40.Ke3 Kf5 41.g4+  1-0

[Event "FSIM September"]
[Site "Budapest HUN"]
[Date "2007.09.04"]
[Round "4"]
[White "Fowler,S"]
[Black "Paschall,W"]
[Result "0-1"]
[WhiteElo "2204"]
[BlackElo "2353"]

1.e4 c5 2.Nc3 Nc6 3.Bb5 Nd4 4.Bc4 e6 5.Nge2 Nf6 6.O-O Qc7 7.d3 a6 8.a4 b6
9.Be3 Ng4 10.Nf4 h5 11.h3 g5 12.hxg4 gxf4 13.gxh5 fxe3 14.fxe3 Nc6 15.d4 cxd4
16.Nd5 Qe5 17.exd4 Nxd4 18.c3 exd5 19.cxd4 Bc5 20.dxc5 dxc4 21.Qd5 Qxd5 22.exd5 Bb7
23.Rae1+ Kf8 24.c6 dxc6 25.d6 Re8 26.d7 Rd8  0-1

[Event "Masters"]
[Site "Trieste ITA"]
[Date "2007.09.06"]
[Round "7"]
[White "Tiviakov,S"]
[Black "Stock,L"]
[Result "1/2-1/2"]
[WhiteElo "2648"]
[BlackElo "2297"]

1.e4 c5 2.Nc3 Nc6 3.Bb5 Nf6 4.Bxc6 dxc6 5.d3 e5 6.Qe2 Be7 7.f4 exf4 8.Bxf4 Qb6
9.O-O-O Be6 10.Nf3 Qa5 11.Bd2 b5 12.b3 O-O 13.Kb1 Qc7 14.h3 a5 15.Ng5 a4
16.Nxe6 fxe6 17.Rhf1 axb3 18.cxb3 Qe5 19.Rc1  1/2-1/2

[Event "ch-Africa Men"]
[Site "Windhoek NAM"]
[Date "2007.09.06"]
[Round "6"]
[White "Steel,H"]
[Black "Simutowe,A"]
[Result "1-0"]
[WhiteElo "2200"]
[BlackElo "2421"]

1.e4 c5 2.Nf3 Nc6 3.Nc3 g6 4.d4 cxd4 5.Nxd4 Bg7 6.Be3 Nf6 7.Bc4 O-O 8.Bb3 a5
9.O-O a4 10.Nxa4 Nxe4 11.Nb5 Ra6 12.f3 Nf6 13.c4 Na5 14.Qe2 Nxb3 15.axb3 d6
16.Qf2 Be6 17.Bb6 Qb8 18.Nc7 Rxb6 19.Nxe6 Rxb3 20.Nxf8 Bxf8 21.Qc2 Rb4 22.Kh1 d5
23.b3 dxc4 24.bxc4 b5 25.cxb5 Rh4 26.g3 Qxg3 27.Qf2 Qf4 28.Nc3 e6 29.Ra4 Bb4
30.b6 g5 31.b7 Kg7 32.Rxb4 Qxb4 33.Rb1 Qxc3 34.b8=Q h6 35.Qe2 Rf4 36.Qb3 Qc6
37.Qb7 Qc3 38.Qxe6 Nh5 39.Qed5 Rf6 40.Qb2 Qe3 41.Qbd4 Qe2 42.Q5e4 Qa6 43.Qdd3 Qxd3
44.Qxd3 Rf4 45.Rb5 Rf6 46.Qd4 Kh7 47.Qe4+ Kg7 48.Rb8 Nf4 49.Qe5 Nh5 50.Rb6 Kg6
51.Qe4+ Kg7 52.Rxf6 Nxf6 53.Qf5 Nh5 54.Kg1 Nf4 55.Kf2 Ng6 56.Ke3 Nf4 57.Ke4 Ng6
58.Kd4 Nh4 59.Qe4 Ng6 60.Kc5 Kg8 61.Kd6 Kg7 62.Kd7 Kf8 63.Qf5 Kg7 64.Ke8 Nh4
65.Qe5+ f6 66.Qe7+ Kg6 67.Kf8 Kh5 68.Kg7  1-0

[Event "4th LGA Premium Cup"]
[Site "Nuernberg GER"]
[Date "2007.09.07"]
[Round "2"]
[White "Zaragatski,I"]
[Black "Justen,D"]
[Result "1-0"]
[WhiteElo "2480"]
[BlackElo "2138"]

1.e4 c5 2.Nc3 Nc6 3.Bb5 Nf6 4.Bxc6 dxc6 5.d3 e5 6.Nge2 Be7 7.O-O O-O 8.Kh1 Bg4
9.f3 Be6 10.f4 exf4 11.Bxf4 Qd7 12.Qe1 Nh5 13.Be3 f5 14.Nf4 Nxf4 15.Bxf4 Rae8
16.Qg3 Kh8 17.Be5 Bf6 18.Bxf6 Rxf6 19.Rf3 Ref8 20.Raf1 Qf7 21.exf5 Bxf5 22.b3 b6
23.a4 Qd7 24.a5 b5 25.Qe5 c4 26.bxc4 bxc4 27.dxc4 Re8 28.Qc5 Bxc2 29.Rxf6 gxf6
30.Qf2 Qf5 31.Qxf5 Bxf5 32.h3 Re5 33.g4 Be4+ 34.Nxe4 Rxe4 35.Rxf6 Rxc4 36.Rf7 Ra4
37.Rxa7 c5 38.Kg2 c4 39.Kf3 c3 40.Ke2 c2 41.Kd2 Rc4 42.Kc1 h5 43.gxh5 Rc5
44.h6 Rc6 45.a6 Kg8 46.Rg7+ Kh8 47.a7 Ra6 48.Rb7  1-0

[Event "60th ch-RUS Higher League"]
[Site "Krasnoyarsk RUS"]
[Date "2007.09.08"]
[Round "5"]
[White "Popov,Iv RUS"]
[Black "Tregubov,P"]
[Result "1/2-1/2"]
[WhiteElo "2524"]
[BlackElo "2599"]

1.e4 c5 2.Nf3 Nc6 3.Nc3 Nf6 4.Bb5 g6 5.e5 Ng4 6.Bxc6 dxc6 7.h3 Nh6 8.g4 Bg7
9.d3 O-O 10.Be3 f5 11.g5 Nf7 12.Bf4 Qb6 13.b3 Be6 14.O-O Bd5 15.Re1 Nd8 16.Nh2 Ne6
17.Bd2 Qc7 18.f4 h6 19.h4 hxg5 20.hxg5 Kf7 21.Nxd5 cxd5 22.Nf3 Rh8 23.Kg2 d4
24.a4 Qc6 25.Kg3 Nc7  1/2-1/2

[Event "Open"]
[Site "Liverpool ENG"]
[Date "2007.09.08"]
[Round "8"]
[White "Storey,Ch"]
[Black "Lalic,B"]
[Result "0-1"]
[WhiteElo "2218"]
[BlackElo "2509"]

1.e4 c5 2.Nf3 Nc6 3.Nc3 d6 4.d4 cxd4 5.Nxd4 Nf6 6.Bg5 e6 7.Qd2 a6 8.O-O-O Bd7
9.Be2 h6 10.Be3 b5 11.Nxc6 Bxc6 12.Bf3 b4 13.Nd5 exd5 14.exd5 Bd7 15.Rde1 Be7
16.Qxb4 a5 17.Qh4 O-O 18.Bxh6 gxh6 19.Re3 Re8 20.Qxh6 Bf8 21.Qg5+ Bg7 22.Rhe1 Qb6
23.c3 Rab8 24.b3 Qc5 25.Kb2 Nh7 26.Rxe8+ Bxe8 27.Qe3 Qxe3 28.Rxe3 f5 29.Kc2 Kf8
30.Be2 f4 31.Rh3 Nf6 32.c4 Ne4 33.Rh4 Be5 34.g3 Nc3 35.gxf4 Bg7 36.Bg4 Nxa2
37.Be6 Nb4+ 38.Kd2 Na6 39.Rh3 Nc5 40.Kc2 Rxb3  0-1

[Event "3rd Geller mem Open A"]
[Site "Odessa UKR"]
[Date "2007.09.08"]
[Round "1"]
[White "Khazankin,M"]
[Black "Alexikov,A"]
[Result "0-1"]
[WhiteElo "2114"]
[BlackElo "2432"]

1.e4 c5 2.Nc3 Nc6 3.Bb5 Nd4 4.Bc4 g6 5.Nf3 Bg7 6.Nxd4 cxd4 7.Qf3 e6 8.Nb5 d6
9.c3 dxc3 10.bxc3 a6 11.Nd4 Ne7 12.O-O O-O 13.Nc2 b5 14.Bb3 a5 15.a4 Ba6
16.Re1 Qc7 17.d4 Rfc8 18.Bb2 Rab8 19.Rab1 bxa4 20.Bxa4 Qc4 21.Bd7 Rc7 22.Na3 Qa2
23.Ra1 Qxb2 24.Rab1 Rxd7 25.Rxb2 Rxb2 26.Qf4 d5 27.f3 Rb3 28.Nb1 Bd3  0-1

[Event "12th ch-Asia w"]
[Site "Tehran IRI"]
[Date "2007.09.08"]
[Round "6"]
[White "Zhang Xiaowen"]
[Black "Ramaswamy,A"]
[Result "1/2-1/2"]
[WhiteElo "2203"]
[BlackElo "2281"]

1.e4 c5 2.Nf3 Nc6 3.Nc3 d6 4.d4 cxd4 5.Nxd4 Nf6 6.Bg5 e6 7.Qd2 Be7 8.O-O-O Nxd4
9.Qxd4 a6 10.f4 b5 11.Bxf6 gxf6 12.Be2 Qc7 13.f5 Qc5 14.Qxc5 dxc5 15.fxe6 fxe6
16.Bh5+ Kf8 17.e5 f5 18.g4 Ra7 19.gxf5 exf5 20.Rhf1 Kg7 21.Nd5 Bg5+ 22.Kb1 Kh6
23.Bf3 Rd8 24.Nb6 Be6 25.a4 Be7 26.a5 Rxd1+ 27.Rxd1 Kg5 28.Rf1  1/2-1/2

[Event "ch-Africa Men"]
[Site "Windhoek NAM"]
[Date "2007.09.08"]
[Round "8"]
[White "Chumfwa,S"]
[Black "Kawuma,S"]
[Result "1-0"]
[WhiteElo "2329"]
[BlackElo "2144"]

1.e4 c5 2.Nf3 Nc6 3.Nc3 Nf6 4.d4 cxd4 5.Nxd4 e5 6.Ndb5 d6 7.Bg5 a6 8.Na3 b5
9.Nd5 Be7 10.Bxf6 Bxf6 11.c3 O-O 12.Nc2 Rb8 13.h4 a5 14.a3 Kh8 15.g3 Be7
16.b4 f5 17.exf5 Bxf5 18.Bg2 Qd7 19.Nce3 Bd8 20.O-O Be6 21.Be4 g6 22.Qd3 Ne7
23.Nxe7 Qxe7 24.Rad1 axb4 25.axb4 Rb6 26.Rd2 Qf7 27.Bd5 Bxd5 28.Nxd5 Rb7
29.Kg2 Kg7 30.Ra1 Qd7 31.Ra6 Rf7 32.Qe4 Ra7 33.Nb6 Qb7 34.Qxb7 Raxb7 35.Rxd6 Bc7
36.Rc6 e4 37.Nd5 Bb8 38.Re6 Rbd7 39.Nf6 Rd2 40.Nxe4 Rc2 41.Kh3 Ba7 42.Ra1 Bxf2
43.Rf1 Ba7 44.Rxf7+ Kxf7 45.Ng5+ Kf8 46.Nxh7+ Kf7 47.Ng5+ Kf8 48.Rf6+ Ke8
49.Rxg6 Bf2 50.Ne4 Be1 51.h5 Kf7 52.Nd6+ Kf8 53.Nxb5  1-0

[Event "2nd Women's"]
[Site "Baku AZE"]
[Date "2007.09.09"]
[Round "6"]
[White "Milliet,S"]
[Black "Cramling,P"]
[Result "1-0"]
[WhiteElo "2414"]
[BlackElo "2533"]

1.e4 c5 2.Nf3 Nc6 3.Nc3 e5 4.Bc4 Be7 5.d3 Nf6 6.Ng5 O-O 7.f4 d6 8.O-O Bg4
9.Qe1 exf4 10.Bxf4 Nd4 11.Qd2 h6 12.Nf3 Nxf3+ 13.gxf3 Be6 14.Rfe1 Qd7 15.Kh1 Kh7
16.Bb5 Qc7 17.d4 Nh5 18.Be3 c4 19.b3 Bh4 20.Rg1 a6 21.Bxc4 Bxc4 22.bxc4 Qxc4
23.Nd5 Rae8 24.Qg2 Qc8 25.Nf4 g5 26.Nxh5 f5 27.Nf4 Rg8 28.Nd5 g4 29.exf5  1-0

[Event "60th ch-RUS Higher League"]
[Site "Krasnoyarsk RUS"]
[Date "2007.09.09"]
[Round "6"]
[White "Savchenko,B"]
[Black "Smirnov,P"]
[Result "1/2-1/2"]
[WhiteElo "2577"]
[BlackElo "2636"]

1.e4 c5 2.Nf3 Nc6 3.Nc3 e5 4.Bc4 Be7 5.d3 d6 6.O-O Nf6 7.Ng5 O-O 8.f4 Bg4
9.Qe1 exf4 10.Bxf4 Nd4 11.Qd2 Qd7 12.Be3 h6 13.Nf3 b5 14.Bxd4 bxc4 15.Bxf6 Bxf6
16.dxc4 Qe6 17.b3  1/2-1/2

[Event "4th LGA Premium Cup"]
[Site "Nuernberg GER"]
[Date "2007.09.09"]
[Round "7"]
[White "Chernov,Va"]
[Black "Loew,G"]
[Result "1-0"]
[WhiteElo "2494"]
[BlackElo "2255"]

1.e4 c5 2.Nc3 Nc6 3.Bb5 Nd4 4.Bc4 g6 5.Nf3 Bg7 6.Nxd4 cxd4 7.Qf3 Nf6 8.e5 dxc3
9.dxc3 O-O 10.exf6 Bxf6 11.Bf4 d6 12.O-O-O Qc7 13.Bd5 Rb8 14.h4 h5 15.Bg5 Bxg5+
16.hxg5 Bg4 17.Qd3 e6 18.Bf3 Bxf3 19.Qxf3 Qe7 20.Qf6 Qxf6 21.gxf6 d5 22.g4 Kh7
23.f4 Rg8 24.Kd2 Rbc8 25.b3 b5 26.Kd3 Rc6 27.Kd4 Kh6 28.Rdg1 Rcc8 29.Rg3 a5
30.a3 b4 31.axb4 axb4 32.cxb4 Rxc2 33.gxh5 g5 34.fxg5+ Rxg5 35.Rxg5 Kxg5
36.h6 Rc8 37.h7 Rh8 38.Ke5 Kg6 39.b5 d4 40.Rg1+ Kh6 41.Kxd4  1-0

[Event "3rd Geller mem Open A"]
[Site "Odessa UKR"]
[Date "2007.09.09"]
[Round "2"]
[White "Romaniv,M"]
[Black "Fiodorov,M"]
[Result "0-1"]
[WhiteElo "2053"]
[BlackElo "2210"]

1.e4 c5 2.Nf3 Nc6 3.Nc3 g6 4.Bc4 Bg7 5.d3 d6 6.O-O Nd4 7.Nxd4 cxd4 8.Qf3 Nf6
9.Nd5 Nxd5 10.Bb5+ Bd7 11.Bxd7+ Qxd7 12.exd5 O-O 13.Bg5 h6 14.Bh4 Rac8 15.Rac1 Rc5
16.Rfe1 g5 17.Bg3 Rfc8 18.Re2 Bf6 19.h3 Kg7 20.b3 b5 21.Qe4 Qb7 22.h4 Qxd5
23.hxg5 hxg5 24.Qxd5 Rxd5 25.b4 Rc3 26.f3 Ra3 27.Kf1 Be5 28.Be1 Bf4 29.Ra1 Re5
30.Re4 Rxe4 31.fxe4 Kf6 32.Ke2 Ke5 33.g3 Be3 34.c3 d5 35.exd5 Kxd5 36.g4 Bf4
37.cxd4 Kxd4 38.Bf2+ Kc3 39.Bc5 e6 40.d4 Kc4 41.Rh1 Rxa2+ 42.Kf3 Rh2 43.Ra1 f5
44.gxf5 exf5 45.Rxa7 Bb8 46.Rf7 g4+ 47.Ke3 f4+ 48.Ke4 Re2+ 49.Kf5 g3 50.Kg4 g2
51.d5 g1=Q+ 52.Bxg1 Rg2+ 53.Kf3 Rxg1 54.Rb7 Rg3+ 55.Kf2 Be5  0-1

[Event "3rd Geller mem Open A"]
[Site "Odessa UKR"]
[Date "2007.09.11"]
[Round "4"]
[White "Didenko,Sergei"]
[Black "Shteinberg,B"]
[Result "1-0"]
[WhiteElo "2130"]
[BlackElo "2289"]

1.e4 c5 2.Nc3 Nc6 3.Bb5 e6 4.Bxc6 bxc6 5.d3 d6 6.f4 Nf6 7.Nf3 Be7 8.O-O O-O
9.e5 Nd5 10.Ne4 f6 11.exd6 Bxd6 12.Nxd6 Qxd6 13.Nd2 Nxf4 14.Nc4 Nh3+ 15.gxh3 Qe7
16.Qf3 e5 17.Be3 f5 18.Qxc6 f4 19.Bxc5 Qg5+ 20.Qg2 Rf5 21.Nd6 Qxg2+ 22.Kxg2 Rg5+
23.Kf3 Bxh3 24.Rg1 Rh5 25.Ne4 Kf7 26.Rg5 Rh4 27.Rag1 g6 28.Rxe5  1-0

[Event "60th ch-RUS Higher League"]
[Site "Krasnoyarsk RUS"]
[Date "2007.09.14"]
[Round "11"]
[White "Smirnov,P"]
[Black "Maletin,P"]
[Result "1-0"]
[WhiteElo "2636"]
[BlackElo "2567"]

1.e4 c5 2.Nf3 Nc6 3.Nc3 g6 4.d4 cxd4 5.Nxd4 Bg7 6.Be3 Nf6 7.Bc4 O-O 8.Bb3 d6
9.f3 Bd7 10.h4 Nxd4 11.Bxd4 b5 12.h5 a5 13.hxg6 hxg6 14.a4 bxa4 15.Nxa4 Rb8
16.Qd2 Be6 17.Bxe6 fxe6 18.O-O Rb5 19.b3 Qb8 20.Nc3 Rh5 21.Ne2 d5 22.e5 Nd7
23.f4 g5 24.Qe3 Qe8 25.fxg5 Rxf1+ 26.Rxf1 Nf8 27.Nf4 Rxg5 28.Nxd5 Bh6 29.Qh3 Rh5
30.Qg4+ Rg5 31.Qh4 Kg7 32.Nf4 Qc6 33.Rf2 Kh7 34.Nh3  1-0

[Event "3rd Geller mem Open A"]
[Site "Odessa UKR"]
[Date "2007.09.14"]
[Round "7"]
[White "Murariu,A"]
[Black "Grekh,A"]
[Result "1/2-1/2"]
[WhiteElo "2511"]
[BlackElo "2355"]

1.e4 c5 2.Nf3 Nc6 3.Nc3 e5 4.Bc4 Be7 5.d3 d6 6.O-O Nf6 7.Nh4 O-O 8.g3 Be6
9.Bg5 Bh3 10.Ng2 Nd4 11.a4 Ng4 12.Bxe7 Qxe7 13.Nd5 Qg5 14.f3 Nf6 15.c3 Nxd5
16.Bxd5 Ne6 17.Rf2 Bxg2 18.Rxg2 Qe7 19.Qd2 f5 20.f4 Kh8 21.Rf1 exf4 22.gxf4 Rae8
23.Qe3 Nc7 24.Qg3 Nxd5 25.exd5 Rf6 26.Qf3 Rf7 27.Qg3 g6 28.Rd2 Rg7 29.Kf2 Qf6
30.Re1 Rge7 31.Rde2 Rxe2+ 32.Rxe2 Rxe2+ 33.Kxe2 Qe7+ 34.Kd2 Qe8 35.b3 a5
36.Qf2 b6  1/2-1/2

[Event "3rd Geller mem Open A"]
[Site "Odessa UKR"]
[Date "2007.09.14"]
[Round "7"]
[White "Firman,N"]
[Black "Zinchenko,Ya"]
[Result "1/2-1/2"]
[WhiteElo "2517"]
[BlackElo "2497"]

1.e4 c5 2.Nf3 Nc6 3.Nc3 d6 4.d4 cxd4 5.Nxd4 Nf6 6.Bg5 e6 7.Qd2 a6 8.O-O-O h6
9.Be3 Nxd4 10.Bxd4 b5 11.f3 Be7 12.Kb1 Qc7 13.a3 Rb8 14.Ne2 O-O 15.Bxf6 Bxf6
16.Qxd6 Qa7 17.Qg3 b4 18.e5 Be7 19.a4 Bd7 20.b3 Rfc8 21.Nc1 Rc3 22.Qe1 Qc7
23.Rxd7 Qxd7 24.Bxa6 Qc7 25.Qe4 Rd8 26.Bd3 g6 27.h4 h5 28.g4 Qc6 29.gxh5 Qxe4
30.Bxe4 gxh5 31.Nd3 Kg7 32.a5 Rc7 33.a6 Ra7 34.Bb7 Rd7 35.Re1 Raxb7 36.axb7 Rxb7
37.Re4 Kg6 38.Kb2 Rb8 39.c3 bxc3+ 40.Kxc3 Rc8+ 41.Kd2 Rc7 42.b4 Rc8 43.Nf4+ Kh6
44.Ne2 Kg6 45.Kd3 Rc7 46.Nc3 Kf5 47.Nb5 Rc8 48.Nd4+ Kg6 49.b5 Rc1 50.Nc6 Bf8
51.Ra4 Rb1 52.Kc4 Rc1+ 53.Kd3 Rb1 54.Nd4 Bc5 55.Nb3 Bf2 56.Rb4 Bb6 57.Kc2 Re1
58.Nd2 Re2 59.Re4 Rxe4 60.fxe4 Bf2 61.Nf3 f5 62.Kd3 fxe4+ 63.Kxe4 Kf7 64.Kf4 Kg6
65.Ng5 Bxh4 66.Nxe6 Bf2 67.Ke4 h4 68.Nf4+ Kf7 69.Kf5 Be3 70.Kg4 Bd4 71.Kf5 Be3
72.Ke4 Bf2 73.Nh3 Ba7 74.Kd5 Ke7 75.Nf4 Bf2 76.e6 Bg3 77.Ng6+ Ke8 78.Ke4 h3
79.Kf3 h2 80.Kg2 Bc7 81.Kh1 Kd8 82.Kg2 Ke8 83.b6 Bxb6 84.Kxh2 Kd8 85.Kg3 Kc7
86.Kf4 Kd6 87.Kf5 Bd4 88.Nf4 Bb2 89.Nd5 Bd4 90.Nf6 Bb2 91.Ne4+ Ke7 92.Nd2 Bc3
93.Nc4 Bd4 94.Na5 Bb2 95.Nc6+ Kd6 96.Na7 Ke7 97.Nc8+ Kd8 98.Kg6 Ba3 99.e7+ Bxe7  1/2-1/2

[Event "17th ch-EU U18 Boys"]
[Site "Sibenik CRO"]
[Date "2007.09.15"]
[Round "2"]
[White "Stojanovski,St"]
[Black "Mustaps,M"]
[Result "1/2-1/2"]
[WhiteElo "1980"]
[BlackElo "2226"]

1.e4 c5 2.Nc3 Nc6 3.Bb5 g6 4.Bxc6 bxc6 5.f4 Bg7 6.Nf3 Nf6 7.d3 O-O 8.O-O d6
9.Qe1 c4 10.e5 Nd5 11.dxc4 Nb4 12.Rf2 Bf5 13.Nd4 dxe5 14.Nxf5 gxf5 15.a3 Na6
16.fxe5 Qd4 17.Bg5 Qxe5 18.Bxe7 Rfe8 19.Re2 Qd4+ 20.Qf2 Rab8 21.Rd1 Qxf2+
22.Kxf2 Rxb2 23.Na4 Rb7 24.Bd6 Re4 25.Nc5 Nxc5 26.Bxc5 h6 27.Rxe4 fxe4 28.Ke3 f5
29.Kf4 Rf7 30.Rd6 Bf6 31.h4 Bxh4 32.Rxh6 Bf6 33.Rh5 Be7 34.Bxe7 Rxe7 35.Kxf5 e3
36.Rh1 e2 37.Re1 Re3 38.Kf4 Rxa3 39.Ke4 Rc3 40.Kd4 Rxc2 41.Kd3 Ra2 42.Rxe2 Rxe2
43.Kxe2 Kf7 44.Kd3 Ke6 45.Kc3 Ke5 46.Kb4 Kd4 47.Kb3 Ke4 48.Kb4  1/2-1/2

[Event "17th ch-EU U16 Girls"]
[Site "Sibenik CRO"]
[Date "2007.09.16"]
[Round "3"]
[White "Remy,Ja"]
[Black "Repina,V"]
[Result "0-1"]
[WhiteElo "1927"]
[BlackElo "2196"]

1.e4 c5 2.Nc3 Nc6 3.Bb5 Nd4 4.a4 g6 5.f4 Bg7 6.Nf3 Nxb5 7.axb5 d6 8.O-O Nf6
9.d3 O-O 10.Qe1 Nd7 11.f5 e6 12.Bg5 f6 13.fxe6 fxg5 14.exd7 Bxd7 15.Qg3 g4
16.Nd2 Be5 17.Qe1 g3 18.Rxf8+ Qxf8 19.Nf3 gxh2+ 20.Kh1 Bg7 21.Qh4 Qf6 22.Qxh2 Bg4
23.Qg3 h5 24.Rf1 Rf8 25.Rf2 Bh6 26.Nd5 Qxb2 27.Qxd6 Qc1+ 28.Ng1 Rxf2 29.Ne7+ Kf7
30.Nxg6 Qg5 31.Ne5+ Ke8 32.Ngf3 Rf1+ 33.Kh2 Qf4+ 34.g3 Rf2+  0-1

[Event "17th ch-EU U18 Boys"]
[Site "Sibenik CRO"]
[Date "2007.09.16"]
[Round "3"]
[White "Ertan,C"]
[Black "Hansen,Al"]
[Result "0-1"]
[WhiteElo "1965"]
[BlackElo "2177"]

1.e4 c5 2.Nf3 Nc6 3.Nc3 d6 4.g3 g6 5.Bg2 Bg7 6.O-O e6 7.d3 Nge7 8.Be3 O-O
9.Qd2 Re8 10.h3 Rb8 11.Nh2 f5 12.f4 b5 13.a3 a5 14.Nf3 b4 15.axb4 axb4 16.Nd1 Nd4
17.Qf2 Qb6 18.c3 Nb3 19.Rb1 Ba6 20.Ne1 fxe4 21.Bxe4 d5 22.Bf3 d4 23.cxd4 Nxd4
24.Be4 Nd5 25.Nf3 Nf6 26.Bxd4 Nxe4 27.dxe4 Bxf1 28.Bxg7 Bd3 29.Rc1 Kxg7 30.Rxc5 Bxe4
31.Qd4+ Kg8 32.Ne5 Rbd8 33.Nd7 Rxd7 34.Qxd7 Qxc5+ 35.Nf2  0-1

[Event "4NCL"]
[Site "Sunningdale ENG"]
[Date "2007.09.16"]
[Round "2"]
[White "Manley,J"]
[Black "Hunt,H"]
[Result "0-1"]
[WhiteElo "2183"]
[BlackElo "2436"]

1.e4 c5 2.Nc3 Nc6 3.Bb5 Nd4 4.Bc4 e6 5.Nge2 a6 6.Nxd4 cxd4 7.Ne2 b5 8.Bb3 Bb7
9.d3 Bc5 10.O-O Ne7 11.Ng3 O-O 12.Qh5 Rc8 13.Bd2 Kh8 14.Rae1 Qb6 15.Kh1 Qc6
16.f3 f5 17.exf5 Nxf5 18.Ne4 Be7 19.Bg5 Bb4 20.Re2 a5 21.a3 Bc5 22.Bc1 Be7
23.Bg5 Rce8 24.Rfe1 a4 25.Ba2 Qb6 26.Bxe7 Rxe7 27.Ng5 g6 28.Qh3 Ne3 29.Qh6 Qd8
30.Qh4 Nf5 31.Qh3 Rg7 32.Ne4 Qe7 33.Kg1 Rgf7 34.Kh1 Rc8 35.Kg1 Ne3 36.Rc1 Bxe4  0-1

[Event "17th ch-EU U16 Boys"]
[Site "Sibenik CRO"]
[Date "2007.09.17"]
[Round "4"]
[White "Nabaty,T"]
[Black "Kuchynka,Luk"]
[Result "1-0"]
[WhiteElo "2421"]
[BlackElo "2180"]

1.e4 c5 2.Nc3 Nc6 3.Nge2 d6 4.d4 cxd4 5.Nxd4 e5 6.Nde2 Be7 7.g3 Be6 8.Bg2 h5
9.h3 Qd7 10.Be3 Rc8 11.Qd2 Nf6 12.Nd5 O-O 13.c4 Ne8 14.g4 hxg4 15.hxg4 Bxg4
16.Ng3 Nc7 17.Bh6 f6 18.Nxc7 Rxc7 19.f3 gxh6 20.fxg4 Kf7 21.Nf5 Nd4 22.Rxh6 Ke8
23.b3 b5 24.Rh7 Qc8 25.Rxe7+ Rxe7 26.Nxd6+ Kd7 27.Nxc8 Rxc8 28.Rc1 Kd8 29.Qh6 Rf7
30.g5  1-0

[Event "17th ch-EU U16 Boys"]
[Site "Sibenik CRO"]
[Date "2007.09.17"]
[Round "4"]
[White "Jefic,S"]
[Black "Tausanov,M"]
[Result "0-1"]
[WhiteElo "2103"]
[BlackElo "1771"]

1.e4 c5 2.Nc3 Nc6 3.Bb5 g6 4.Bxc6 dxc6 5.f4 Bg7 6.d3 Nf6 7.Nf3 O-O 8.O-O Qc7
9.e5 Nd5 10.Ne4 Qb6 11.c4 Nc7 12.Be3 Ne6 13.Qe2 f5 14.Nc3 Nd4 15.Qf2 Rd8
16.Na4 Nxf3+ 17.Qxf3 Qc7 18.Bxc5 b6 19.Ba3 Bb7 20.Nc3 Rd7 21.Rad1 Rad8 22.Rd2 b5
23.b3 b4 24.Bb2 bxc3 25.Bxc3 c5 26.Qg3 Qc6 27.Rfd1 Bh6 28.Rf2 Kf7 29.h4 Ra8
30.Re1 e6 31.h5 Rg8 32.Qh4 g5 33.fxg5 Bxg5 34.Qh3 f4 35.Bd2 Ke8 36.Re4 Rxd3
37.Qxd3 Qxe4 38.Qd6 Qc6 39.Qb8+ Kf7 40.Qxa7 Ra8  0-1

[Event "17th ch-EU U18 Boys"]
[Site "Sibenik CRO"]
[Date "2007.09.17"]
[Round "4"]
[White "Cartas,O"]
[Black "Mozharov,M"]
[Result "0-1"]
[WhiteElo "2111"]
[BlackElo "2424"]

1.e4 c5 2.Nc3 Nc6 3.Bb5 Nd4 4.Bc4 e6 5.Nf3 Ne7 6.O-O Nec6 7.d3 Be7 8.Nxd4 cxd4
9.Ne2 O-O 10.c3 d5 11.Bb3 Bf6 12.cxd4 Nxd4 13.Nxd4 Bxd4 14.Qh5 dxe4 15.dxe4 Bd7
16.Qf3 Bc6 17.Rd1 Qf6 18.Qxf6 Bxf6 19.Re1 Bd4 20.Rb1 a5 21.a4 Rfd8 22.Bg5 Bf6
23.Bxf6 gxf6 24.f3 Rd4 25.Ra1 Rb4 26.Ra3 Rd8 27.Kf2 Rdd4 28.Ke3 Bxa4 29.Bxa4 Rxa4
30.Rea1 Rxa3+ 31.Rxa3 Rb4 32.Rxa5 Rxb2 33.g4 b5 34.h4 Kg7 35.Ra7 b4 36.Rb7 b3
37.h5 Rb1 38.Kd2 b2 39.Ke2 Rh1  0-1

[Event "17th ch-EU U18 Boys"]
[Site "Sibenik CRO"]
[Date "2007.09.17"]
[Round "4"]
[White "Genzling,A"]
[Black "Saric,Iv"]
[Result "1/2-1/2"]
[WhiteElo "2255"]
[BlackElo "2442"]

1.e4 c5 2.Nf3 Nc6 3.Nc3 Nf6 4.Bb5 Qc7 5.O-O a6 6.Bxc6 dxc6 7.e5 Nd5 8.Ne4 Bg4
9.Nxc5 e6 10.Nd3 Rd8 11.h3 Bh5 12.Nde1 c5 13.d3 Be7 14.Qe2 O-O 15.g4 Bg6
16.Ng2 c4 17.dxc4 Nb4 18.Nge1 f5 19.exf6 Bxf6 20.Bg5 e5 21.Bxf6 Rxf6 22.Nxe5 Re8
23.f4 Qc5+ 24.Kh2 Nc6 25.N1d3 Bxd3 26.cxd3 Nxe5 27.fxe5 Rxe5 28.Qg2 Rfe6
29.Rf2 h5 30.Raf1 Qd6 31.Kh1 Qxd3 32.Rd2 Qxc4 33.b3 Qc3 34.Rc2 Qe3 35.Rc8+ Kh7
36.Qc2+ Re4 37.Rc3 Qe2 38.Rg1 hxg4 39.Rxg4 Qxc2 40.Rxc2 Rxg4 41.hxg4 Re4
42.Rc7 b5 43.Ra7 Re1+ 44.Kg2 Re2+ 45.Kg3 Rxa2 46.Kh4 b4 47.Rb7 a5 48.Rb5 Ra3
49.Kg5 Rxb3 50.Rxa5 Rc3 51.Rb5 Rc4 52.Rb8 Re4 53.Kf5 Rd4 54.Kg5 Rc4 55.Kh5 Rc5+
56.Kh4 Rc4 57.Kh5 Rd4  1/2-1/2

[Event "17th ch-EU U18 Boys"]
[Site "Sibenik CRO"]
[Date "2007.09.19"]
[Round "6"]
[White "Nestorovic,N"]
[Black "Jafarli,A"]
[Result "1/2-1/2"]
[WhiteElo "2424"]
[BlackElo "2174"]

1.e4 c5 2.Nf3 Nc6 3.Nc3 a6 4.d4 cxd4 5.Nxd4 e6 6.Be2 Qc7 7.O-O Nf6 8.Kh1 Nxd4
9.Qxd4 Bc5 10.Qd3 b5 11.f4 Bb7 12.Bf3 h5 13.e5 Ng4 14.Bxb7 Qxb7 15.Ne4 Be7
16.Bd2 Rc8 17.c3 Qc6 18.b3 h4 19.Qf3 f5 20.exf6 Nxf6 21.Rae1 Nxe4 22.Rxe4 O-O
23.g3 Bf6 24.Re3 hxg3 25.hxg3 Kf7 26.f5 exf5 27.Qxc6 dxc6 28.Rxf5  1/2-1/2

[Event "6th ch-Asia"]
[Site "Cebu City PHI"]
[Date "2007.09.20"]
[Round "2"]
[White "Li Chao2"]
[Black "Al Sayed,Mohammed"]
[Result "1/2-1/2"]
[WhiteElo "2529"]
[BlackElo "2082"]

1.e4 c5 2.Nc3 Nc6 3.Nf3 g6 4.d4 cxd4 5.Nxd4 Bg7 6.Be3 Nf6 7.Bc4 Qa5 8.O-O d6
9.h3 O-O 10.Bb3 Bd7 11.Re1 Rac8 12.f4 Nxd4 13.Qxd4 Nh5 14.e5 Bc6 15.Bf2 Rcd8
16.Qe3 Bh6 17.e6 f5 18.g3 a6 19.Rad1 Nf6 20.a4 Bg7 21.Qb6 Qxb6 22.Bxb6 Rc8
23.Kf2 Rfe8 24.Re2 h5 25.a5 Kh7 26.Bd4 Ne4+ 27.Nxe4 Bxe4 28.c3 Bxd4+ 29.cxd4 Kg7
30.Ba4 Bc6 31.Bb3 Kf6 32.d5 Bb5 33.Red2 Rc5 34.Ke3 Rec8 35.g4 hxg4 36.hxg4 Rh8
37.g5+ Kg7 38.Ba2 Rh3+ 39.Kf2 Rc8 40.Rg1 Rc5 41.Re1 Be8 42.Kg2 Rh4 43.Kg3 Rg4+
44.Kf3 Rxa5 45.Bb3 Rh4 46.Kg3 Rg4+ 47.Kf3 Rh4 48.Kg3 Rg4+  1/2-1/2

[Event "6th ch-Asia"]
[Site "Cebu City PHI"]
[Date "2007.09.20"]
[Round "2"]
[White "Yu Shaoteng"]
[Black "Yap,K"]
[Result "1-0"]
[WhiteElo "2524"]
[BlackElo "2246"]

1.e4 c5 2.Nf3 Nc6 3.Nc3 Nf6 4.Bb5 Qc7 5.d3 a6 6.Bxc6 Qxc6 7.O-O e6 8.Bg5 d6
9.Re1 b5 10.a4 b4 11.Bxf6 gxf6 12.Nd5 Be7 13.Nxe7 Kxe7 14.Nh4 Bb7 15.Qh5 Rag8
16.Re3 h6 17.b3 Rg5 18.Qe2 f5 19.f4 Rg4 20.Nxf5+ exf5 21.exf5+ Kf8 22.Qxg4 Rg8
23.Qh3 Rxg2+ 24.Kf1 Rg7 25.Rae1 Qh1+ 26.Ke2 Rg2+ 27.Kd1 Qxh2 28.Qxh2 Rxh2
29.f6  1-0

[Event "Vados IM"]
[Site "Arad ROM"]
[Date "2007.09.22"]
[Round "3"]
[White "Manea,Al"]
[Black "Balla,Ta"]
[Result "1/2-1/2"]
[WhiteElo "2398"]
[BlackElo "2266"]

1.e4 c5 2.Nf3 Nc6 3.Nc3 d6 4.d4 cxd4 5.Nxd4 Nf6 6.Bg5 e6 7.Qd2 a6 8.O-O-O Bd7
9.f4 b5 10.Bxf6 gxf6 11.Nxc6 Bxc6 12.Qe3 Qe7 13.Bd3 Qa7 14.Qh3 Qc5 15.Rhe1 Be7
16.Kb1 a5 17.f5 b4 18.Ne2 e5 19.Nc1 a4 20.Qe3 Rg8 21.g3 O-O-O 22.Qe2 d5 23.exd5 Bxd5
24.Bb5 a3 25.Nb3 Bxb3 26.Ba6+ Kb8 27.axb3 axb2 28.Kxb2 Qb6 29.Qb5 Bc5 30.Qxb6+ Bxb6
31.c3 bxc3+ 32.Kxc3 Bd4+ 33.Kc2 Rg5 34.Rf1 h5 35.Bc4 Rd7 36.Rde1 h4  1/2-1/2

[Event "6th ch-Asia"]
[Site "Cebu City PHI"]
[Date "2007.09.23"]
[Round "5"]
[White "Ghaem Maghami,E"]
[Black "Paragua,M"]
[Result "1/2-1/2"]
[WhiteElo "2610"]
[BlackElo "2525"]

1.e4 c5 2.Nc3 Nc6 3.Nf3 d6 4.d4 cxd4 5.Nxd4 Nf6 6.Bc4 e6 7.Be3 Be7 8.Qe2 a6
9.O-O-O Qc7 10.Bb3 Na5 11.g4 b5 12.g5 Nxb3+ 13.axb3 Nd7 14.Nf5 exf5 15.Nd5 Qd8
16.exf5 Bb7 17.f6 Bxd5 18.fxg7  1/2-1/2

[Event "17th Senior WCh"]
[Site "Gmunden AUT"]
[Date "2007.09.23"]
[Round "6"]
[White "Tseshkovsky,V"]
[Black "Klundt,K"]
[Result "1-0"]
[WhiteElo "2513"]
[BlackElo "2375"]

1.e4 c5 2.Nf3 Nc6 3.Nc3 e5 4.Bc4 d6 5.d3 Be7 6.Nd2 Nf6 7.Nf1 Bg4 8.f3 Be6
9.Ne3 O-O 10.O-O Ne8 11.g3 Bg5 12.f4 exf4 13.gxf4 Bf6 14.Ne2 Nc7 15.Bxe6 fxe6
16.Ng3 g6 17.Qg4 Kh8 18.Kg2 d5 19.e5 Bg7 20.h4 Ne7 21.h5 Qe8 22.Rh1 Rg8 23.h6  1-0

[Event "16th Monarch Assurance"]
[Site "Port Erin IOM"]
[Date "2007.09.25"]
[Round "4"]
[White "Zozulia,A"]
[Black "Kuzubov,Y"]
[Result "0-1"]
[WhiteElo "2332"]
[BlackElo "2568"]

1.e4 c5 2.Nf3 Nc6 3.Nc3 g6 4.d4 cxd4 5.Nxd4 Bg7 6.Be3 Nf6 7.Nb3 O-O 8.Be2 d6
9.O-O Be6 10.f4 Na5 11.Kh1 Nc4 12.Bc1 Rc8 13.Nd4 Bd7 14.b3 Qa5 15.Nb1 Nb6
16.Qd3 e5 17.Nf3 exf4 18.Bb2 d5 19.Nbd2 Rfe8 20.Ng5 dxe4  0-1